[Event "Summer Prague Open 2022 - A"]
[Site "Olympik hotel, Sokolovska 138, Praha"]
[Date "2022.08.08"]
[Round "5"]
[Board "24"]
[White "Pap, Gyula"]
[Black "Lahlum, Hans Olav"]
[Result "1-0"]
[WhiteElo "2481"]
[BlackElo "2109"]
[PlyCount "0"]
[EventDate "2022.08.05"]
[EventRounds "9"]
[EventCountry "CZE"]

1. e4 {[%clk 1:30:01]} e6 {[%clk 1:30:55]} 2. e5 {[%clk 1:29:18]} c5
{[%clk 1:28:32]} 3. f4 {[%clk 1:26:07]} Nc6 {[%clk 1:28:29]} 4. Nf3
{[%clk 1:26:08]} a6 {[%clk 1:22:58]} 5. g3 {[%clk 1:21:22]} d5 {[%clk 1:21:05]}
6. Bg2 {[%clk 1:17:34]} Nh6 {[%clk 1:19:48]} 7. d3 {[%clk 1:02:56]} Be7
{[%clk 1:18:42]} 8. O-O {[%clk 0:58:22]} O-O {[%clk 1:18:23]} 9. h3
{[%clk 0:53:58]} f6 {[%clk 1:15:14]} 10. exf6 {[%clk 0:53:51]} Bxf6
{[%clk 1:14:56]} 11. g4 {[%clk 0:54:05]} Nf7 {[%clk 1:13:04]} 12. c4
{[%clk 0:47:36]} b5 {[%clk 0:56:37]} 13. Nc3 {[%clk 0:42:59]} b4 {[%clk 0:50:54]}
14. Na4 {[%clk 0:41:40]} Qd6 {[%clk 0:50:50]} 15. Be3 {[%clk 0:39:05]} d4
{[%clk 0:49:41]} 16. Bf2 {[%clk 0:31:31]} Bb7 {[%clk 0:45:56]} 17. Nd2
{[%clk 0:30:35]} Na5 {[%clk 0:45:58]} 18. Bxb7 {[%clk 0:27:21]} Nxb7
{[%clk 0:46:24]} 19. Qf3 {[%clk 0:27:43]} Qc7 {[%clk 0:45:15]} 20. Rae1
{[%clk 0:26:48]} Rae8 {[%clk 0:42:43]} 21. Bg3 {[%clk 0:26:25]} Qd7
{[%clk 0:38:51]} 22. Nb6 {[%clk 0:26:04]} Qc7 {[%clk 0:39:08]} 23. Na4
{[%clk 0:26:26]} Qd7 {[%clk 0:39:32]} 24. b3 {[%clk 0:26:13]} Nfd6
{[%clk 0:34:47]} 25. Qg2 {[%clk 0:22:30]} Kh8 {[%clk 0:34:47]} 26. Nf3
{[%clk 0:20:06]} Nf7 {[%clk 0:33:10]} 27. Re2 {[%clk 0:19:11]} Bd8
{[%clk 0:30:25]} 28. h4 {[%clk 0:13:29]} Bc7 {[%clk 0:28:21]} 29. Ng5
{[%clk 0:12:28]} Bd6 {[%clk 0:27:23]} 30. Ne4 {[%clk 0:07:44]} Be7
{[%clk 0:20:59]} 31. Bh2 {[%clk 0:05:27]} Qc6 {[%clk 0:18:46]} 32. Bg3
{[%clk 0:04:26]} Qd7 {[%clk 0:17:51]} 33. Nd2 {[%clk 0:03:34]} Bd6
{[%clk 0:17:45]} 34. Bh2 {[%clk 0:03:22]} Be7 {[%clk 0:17:09]} 35. Nb6
{[%clk 0:01:44]} Qc7 {[%clk 0:15:18]} 36. Rxe6 {[%clk 0:02:07]} Nfd8
{[%clk 0:10:52]} 37. Nd5 {[%clk 0:01:57]} Qd7 {[%clk 0:11:04]} 38. Rxa6
{[%clk 0:01:21]} Bxh4 {[%clk 0:10:17]} 39. Ne4 {[%clk 0:00:58]} Be7
{[%clk 0:09:50]} 40. f5 {[%clk 0:00:54]} Nf7 {[%clk 0:08:23]} 41. f6
{[%clk 0:29:00]} Bd6 {[%clk 0:36:10]} 42. fxg7+ {[%clk 0:29:05]} Kxg7
{[%clk 0:36:35]} 43. Ndf6 {[%clk 0:29:22]} Qe7 {[%clk 0:34:35]} 44. Nxe8+
{[%clk 0:29:24]} Rxe8 {[%clk 0:35:00]} 45. Rxf7+ {[%clk 0:29:40]} Qxf7
{[%clk 0:34:49]} 46. Bxd6 {[%clk 0:30:01]} Nxd6 {[%clk 0:34:49]} 47. Rxd6
{[%clk 0:30:23]} Qf4 {[%clk 0:34:21]} 48. Rd7+ {[%clk 0:29:33]} Kh8
{[%clk 0:33:50]} 49. Qh3  1-0

[Event "Summer Prague Open 2022 - A"]
[Site "Olympik hotel, Sokolovska 138, Praha"]
[Date "2022.08.09"]
[Round "6"]
[Board "2"]
[White "Cernousek, Lukas"]
[Black "Brejnik, Gustav"]
[Result "1/2-1/2"]
[WhiteElo "2429"]
[BlackElo "2300"]
[PlyCount "0"]
[EventDate "2022.08.05"]
[EventRounds "9"]
[EventCountry "CZE"]

1. e4 {[%clk 1:30:56]} c6 {[%clk 1:30:54]} 2. d4 {[%clk 1:31:13]} d5
{[%clk 1:31:19]} 3. exd5 {[%clk 1:31:31]} cxd5 {[%clk 1:31:43]} 4. Bd3
{[%clk 1:31:55]} Nc6 {[%clk 1:32:08]} 5. c3 {[%clk 1:32:18]} Qc7 {[%clk 1:31:48]}
6. h3 {[%clk 1:32:40]} g6 {[%clk 1:31:36]} 7. Ne2 {[%clk 1:32:56]} Bf5
{[%clk 1:31:29]} 8. Bxf5 {[%clk 1:33:10]} gxf5 {[%clk 1:31:53]} 9. Bf4
{[%clk 1:33:26]} Qd7 {[%clk 1:32:05]} 10. Nd2 {[%clk 1:33:46]} e6
{[%clk 1:30:37]} 11. g4 {[%clk 1:33:48]} Nge7 {[%clk 1:13:06]} 12. Ng3
{[%clk 1:34:10]} Ng6 {[%clk 1:07:21]} 13. Bg5 {[%clk 1:34:33]} Be7
{[%clk 0:59:35]} 14. Bxe7 {[%clk 1:34:56]} Ncxe7 {[%clk 0:59:48]} 15. gxf5
{[%clk 1:35:18]} exf5 {[%clk 0:59:54]} 16. Nh5 {[%clk 1:07:46]} Qe6+
{[%clk 0:56:42]} 17. Kf1 {[%clk 0:58:00]} O-O-O {[%clk 0:49:52]} 18. Qe2
{[%clk 0:39:59]} Nh4 {[%clk 0:30:02]} 19. Re1 {[%clk 0:25:15]} Qh6
{[%clk 0:29:29]} 20. Qxe7 {[%clk 0:03:15]} Qxh5 {[%clk 0:29:49]} 21. Qe2
{[%clk 0:03:40]} Qh6 {[%clk 0:28:23]} 22. Qd3 {[%clk 0:02:38]} Rhe8
{[%clk 0:27:23]} 23. Rg1 {[%clk 0:00:55]} Qh5 {[%clk 0:23:24]} 24. Re2
{[%clk 0:00:36]} f4 {[%clk 0:17:55]} 25. Rg4 {[%clk 0:00:43]} f5 {[%clk 0:16:00]}
26. Rg7 {[%clk 0:00:39]} Rg8 {[%clk 0:13:34]} 27. Rxb7 {[%clk 0:00:36]} Kxb7
{[%clk 0:03:09]}  1/2-1/2

[Event "Summer Prague Open 2022 - A"]
[Site "Olympik hotel, Sokolovska 138, Praha"]
[Date "2022.08.09"]
[Round "6"]
[Board "3"]
[White "Kulhanek, Tomas"]
[Black "Risting, Eivind Olav"]
[Result "1/2-1/2"]
[WhiteElo "2319"]
[BlackElo "2325"]
[PlyCount "0"]
[EventDate "2022.08.05"]
[EventRounds "9"]
[EventCountry "CZE"]

1. e4 {[%clk 1:29:56]} c5 {[%clk 1:30:47]} 2. Nf3 {[%clk 1:30:03]} d6
{[%clk 1:30:37]} 3. Bb5+ {[%clk 1:28:43]} Nd7 {[%clk 1:30:43]} 4. a4
{[%clk 1:27:47]} Ngf6 {[%clk 1:27:36]} 5. Nc3 {[%clk 1:26:02]} g6
{[%clk 1:23:31]} 6. O-O {[%clk 1:25:22]} Bg7 {[%clk 1:23:43]} 7. Re1
{[%clk 1:23:07]} O-O {[%clk 1:21:24]} 8. d4 {[%clk 1:23:07]} cxd4
{[%clk 1:21:23]} 9. Nxd4 {[%clk 1:23:09]} a6 {[%clk 1:16:50]} 10. Bf1
{[%clk 1:23:24]} Nc5 {[%clk 1:05:05]} 11. h3 {[%clk 1:22:34]} Re8
{[%clk 1:03:24]} 12. a5 {[%clk 1:18:43]} b6 {[%clk 0:55:41]} 13. b4
{[%clk 1:05:28]} Ncd7 {[%clk 0:51:01]} 14. Be3 {[%clk 0:51:18]} Bb7
{[%clk 0:47:58]} 15. f3 {[%clk 0:49:01]} Qc7 {[%clk 0:46:06]} 16. Qd2
{[%clk 0:47:02]} Rec8 {[%clk 0:31:10]} 17. Ra3 {[%clk 0:36:43]} bxa5
{[%clk 0:22:16]} 18. bxa5 {[%clk 0:37:10]} Nc5 {[%clk 0:17:57]} 19. Nde2
{[%clk 0:27:07]} e6 {[%clk 0:17:17]} 20. Nf4 {[%clk 0:24:04]} Rd8
{[%clk 0:17:06]} 21. Na4 {[%clk 0:19:31]} Nfd7 {[%clk 0:15:10]} 22. Rb1
{[%clk 0:14:33]} Bc6 {[%clk 0:12:44]} 23. Nb6 {[%clk 0:12:51]} Rab8
{[%clk 0:12:03]} 24. Qe1 {[%clk 0:13:02]} Nxb6 {[%clk 0:10:56]} 25. axb6
{[%clk 0:13:15]} Rxb6 {[%clk 0:08:21]} 26. Rxb6 {[%clk 0:13:01]} Qxb6
{[%clk 0:06:25]} 27. Rxa6 {[%clk 0:13:22]} Qb7 {[%clk 0:06:28]}  1/2-1/2

[Event "Summer Prague Open 2022 - A"]
[Site "Olympik hotel, Sokolovska 138, Praha"]
[Date "2022.08.09"]
[Round "6"]
[Board "4"]
[White "Schmaltz, Roland"]
[Black "Kvaloy, Aksel Bu"]
[Result "0-1"]
[WhiteElo "2470"]
[BlackElo "2266"]
[PlyCount "0"]
[EventDate "2022.08.05"]
[EventRounds "9"]
[EventCountry "CZE"]

1. e4 {[%clk 1:00:38]} c5 {[%clk 1:30:40]} 2. Nf3 {[%clk 1:00:51]} Nc6
{[%clk 1:30:49]} 3. d4 {[%clk 1:01:17]} cxd4 {[%clk 1:31:10]} 4. Nxd4
{[%clk 1:01:46]} e5 {[%clk 1:31:03]} 5. Nb5 {[%clk 1:02:12]} a6 {[%clk 1:31:03]}
6. Nd6+ {[%clk 1:02:38]} Bxd6 {[%clk 1:31:22]} 7. Qxd6 {[%clk 1:02:28]} Qf6
{[%clk 1:31:34]} 8. Qc7 {[%clk 1:02:56]} Nge7 {[%clk 1:31:17]} 9. Nc3
{[%clk 1:03:04]} Nb4 {[%clk 1:30:38]} 10. Bd3 {[%clk 1:03:27]} d5
{[%clk 1:30:31]} 11. O-O {[%clk 1:02:39]} O-O {[%clk 1:19:50]} 12. f4
{[%clk 1:01:59]} exf4 {[%clk 1:18:33]} 13. Bxf4 {[%clk 1:00:17]} dxe4
{[%clk 1:11:26]} 14. Bxe4 {[%clk 0:51:05]} Bf5 {[%clk 0:57:57]} 15. Qc5
{[%clk 0:39:44]} Nbc6 {[%clk 0:48:42]} 16. Be3 {[%clk 0:24:05]} b6
{[%clk 0:47:26]} 17. Qxb6 {[%clk 0:23:59]} Qe6 {[%clk 0:47:10]} 18. Bxf5
{[%clk 0:18:12]} Nxf5 {[%clk 0:47:34]} 19. Rae1 {[%clk 0:17:29]} Rab8
{[%clk 0:44:42]} 20. Qc5 {[%clk 0:17:36]} Nxe3 {[%clk 0:44:27]} 21. Rxe3
{[%clk 0:17:59]} Qd7 {[%clk 0:44:21]} 22. Nd5 {[%clk 0:17:34]} Rfc8
{[%clk 0:43:37]} 23. Rg3 {[%clk 0:06:55]} Kh8 {[%clk 0:40:36]} 24. Qc3
{[%clk 0:06:27]} f6 {[%clk 0:40:24]} 25. Rxf6 {[%clk 0:00:52]} Qa7+
{[%clk 0:25:08]} 26. Kh1 {[%clk 0:00:41]} Nd4 {[%clk 0:24:15]} 27. Rxa6  0-1

[Event "Summer Prague Open 2022 - A"]
[Site "Olympik hotel, Sokolovska 138, Praha"]
[Date "2022.08.09"]
[Round "6"]
[Board "7"]
[White "Kambrath, Yannick"]
[Black "Mannion, Stephen R"]
[Result "1/2-1/2"]
[WhiteElo "2401"]
[BlackElo "2232"]
[PlyCount "0"]
[EventDate "2022.08.05"]
[EventRounds "9"]
[EventCountry "CZE"]

1. c4 {[%clk 1:30:01]} e5 {[%clk 1:30:35]} 2. Nc3 {[%clk 1:30:25]} Bb4
{[%clk 1:30:58]} 3. Qc2 {[%clk 1:29:58]} Nf6 {[%clk 1:30:33]} 4. Nf3
{[%clk 1:30:07]} Qe7 {[%clk 1:26:50]} 5. e3 {[%clk 1:28:07]} O-O {[%clk 1:25:49]}
6. a3 {[%clk 1:23:58]} Bxc3 {[%clk 1:26:05]} 7. Qxc3 {[%clk 1:24:20]} Re8
{[%clk 1:03:18]} 8. Be2 {[%clk 1:14:46]} a5 {[%clk 0:56:45]} 9. b3
{[%clk 1:08:55]} Nc6 {[%clk 0:53:02]} 10. Bb2 {[%clk 1:05:16]} d6
{[%clk 0:40:52]} 11. O-O {[%clk 0:57:19]} Bg4 {[%clk 0:39:51]} 12. d3
{[%clk 0:54:17]} d5 {[%clk 0:26:46]} 13. cxd5 Nxd5 {[%clk 0:27:10]} 14. Qc2
{[%clk 0:52:59]} f6 {[%clk 0:20:37]} 15. Rac1 {[%clk 0:51:10]} Kh8
{[%clk 0:18:13]} 16. h3 {[%clk 0:48:34]} Be6 {[%clk 0:18:38]} 17. Rfe1
{[%clk 0:47:19]} Qf7 {[%clk 0:17:36]} 18. Nd2 {[%clk 0:36:56]} Nde7
{[%clk 0:17:41]} 19. Bc3 {[%clk 0:35:03]} Red8 {[%clk 0:15:47]} 20. Qb1
{[%clk 0:34:08]} Bd5 {[%clk 0:12:23]} 21. Qb2 {[%clk 0:26:40]} Qg6
{[%clk 0:12:24]} 22. Bf1 {[%clk 0:26:41]} Be6 {[%clk 0:12:40]} 23. Kh2
{[%clk 0:25:26]} Bf5 {[%clk 0:11:06]} 24. e4 {[%clk 0:20:43]} Be6
{[%clk 0:11:27]} 25. Nf3 {[%clk 0:18:28]} Qf7 {[%clk 0:11:15]} 26. Rb1
{[%clk 0:18:20]} Nc8 {[%clk 0:11:19]} 27. d4 {[%clk 0:14:24]} exd4
{[%clk 0:11:18]} 28. Nxd4 {[%clk 0:14:44]} Nxd4 {[%clk 0:10:44]} 29. Bxd4
{[%clk 0:15:12]} Ne7 {[%clk 0:11:05]} 30. Bc3 {[%clk 0:12:16]} Ng6
{[%clk 0:08:42]} 31. Qc2 {[%clk 0:08:59]} b6 {[%clk 0:06:40]} 32. b4
{[%clk 0:07:13]} axb4 {[%clk 0:07:00]} 33. axb4 {[%clk 0:07:39]} Re8
{[%clk 0:05:06]} 34. Bd4 {[%clk 0:06:44]} Rad8 {[%clk 0:05:06]} 35. Be3
{[%clk 0:05:30]} f5 {[%clk 0:05:22]} 36. Bg5 {[%clk 0:04:57]} Ra8
{[%clk 0:05:48]} 37. Bb5 {[%clk 0:04:31]} Rf8 {[%clk 0:05:47]} 38. Be3
{[%clk 0:00:53]} Ra2 {[%clk 0:04:16]} 39. Rb2 {[%clk 0:01:02]} Rxb2
{[%clk 0:04:29]} 40. Qxb2 {[%clk 0:01:31]} fxe4 {[%clk 0:04:42]} 41. Qd4
{[%clk 0:26:05]} Bd5 {[%clk 0:24:44]} 42. Rc1 {[%clk 0:18:22]} Kg8
{[%clk 0:19:38]} 43. Kg1 {[%clk 0:16:03]} h6 {[%clk 0:14:00]} 44. Ba4
{[%clk 0:10:36]} Kh7 {[%clk 0:11:58]} 45. Qc3 {[%clk 0:10:13]} Nf4
{[%clk 0:11:23]} 46. Bb5 {[%clk 0:09:08]} c6 {[%clk 0:10:53]} 47. Bf1
{[%clk 0:09:37]} b5 {[%clk 0:10:47]} 48. Qd2 {[%clk 0:08:10]} Nd3
{[%clk 0:09:22]} 49. Bxd3 {[%clk 0:07:40]} exd3 {[%clk 0:09:49]} 50. Qxd3+
{[%clk 0:08:05]} Qg6 {[%clk 0:10:02]} 51. Qxg6+ {[%clk 0:07:51]} Kxg6
{[%clk 0:10:30]} 52. Ra1 {[%clk 0:08:10]} Rf7 {[%clk 0:08:51]} 53. f3
{[%clk 0:06:41]} h5 {[%clk 0:08:14]} 54. Kf2 {[%clk 0:07:03]} Kf5
{[%clk 0:07:16]} 55. Ra8 {[%clk 0:07:08]} Kg6 {[%clk 0:07:19]} 56. Re8
{[%clk 0:07:15]} Rd7 {[%clk 0:07:03]} 57. Rc8 {[%clk 0:04:27]} Re7
{[%clk 0:06:49]} 58. Rd8 {[%clk 0:03:43]} Rf7 {[%clk 0:06:01]} 59. Bc5
{[%clk 0:04:04]} Rf4 {[%clk 0:05:15]} 60. Ke3 {[%clk 0:04:33]} Rc4
{[%clk 0:05:23]} 61. Rd7 {[%clk 0:02:24]} h4 {[%clk 0:04:16]} 62. Bf8
{[%clk 0:01:37]} Bf7 {[%clk 0:04:37]} 63. Rd4 {[%clk 0:00:38]} Rxd4
{[%clk 0:04:36]} 64. Kxd4 {[%clk 0:01:00]} Kf6 {[%clk 0:04:57]} 65. Ke3
{[%clk 0:00:52]} g5 {[%clk 0:04:31]} 66. Bc5 {[%clk 0:01:15]} Kf5
{[%clk 0:04:33]} 67. Bf8 {[%clk 0:01:24]} Bc4 {[%clk 0:04:23]} 68. Bc5
{[%clk 0:01:48]} Bf1 {[%clk 0:04:17]} 69. Kf2 {[%clk 0:02:17]} Bc4
{[%clk 0:04:34]} 70. Ke3 {[%clk 0:02:46]} Bf1 {[%clk 0:04:58]} 71. Kf2
{[%clk 0:03:13]}  1/2-1/2

[Event "Summer Prague Open 2022 - A"]
[Site "Olympik hotel, Sokolovska 138, Praha"]
[Date "2022.08.09"]
[Round "6"]
[Board "9"]
[White "Mirimanian, Hayk"]
[Black "Neuman, Petr"]
[Result "1/2-1/2"]
[WhiteElo "2228"]
[BlackElo "2393"]
[PlyCount "0"]
[EventDate "2022.08.05"]
[EventRounds "9"]
[EventCountry "CZE"]

1. e4 {[%clk 1:29:36]} c6 {[%clk 1:30:14]} 2. d4 {[%clk 1:29:43]} d5
{[%clk 1:30:37]} 3. f3 {[%clk 1:30:10]} g6 {[%clk 1:30:45]} 4. Nc3
{[%clk 1:30:21]} Bg7 {[%clk 1:31:06]} 5. Be3 {[%clk 1:30:23]} Qb6
{[%clk 1:30:55]} 6. Qd2 {[%clk 1:26:50]} Qxb2 {[%clk 1:28:12]} 7. Rb1
{[%clk 1:27:14]} Qa3 {[%clk 1:28:37]} 8. exd5 {[%clk 1:27:30]} Nf6
{[%clk 1:28:54]} 9. Bc4 {[%clk 1:25:30]} Nbd7 {[%clk 1:20:17]} 10. dxc6
{[%clk 1:01:32]} bxc6 {[%clk 1:20:35]} 11. Nge2 {[%clk 0:49:16]} Nb6
{[%clk 1:09:55]} 12. Bb3 {[%clk 0:46:43]} Ba6 {[%clk 1:10:06]} 13. Bh6
{[%clk 0:45:57]} Bxh6 {[%clk 1:07:18]} 14. Qxh6 {[%clk 0:45:44]} c5
{[%clk 1:07:29]} 15. dxc5 {[%clk 0:40:56]} Qxc5 {[%clk 1:02:58]} 16. Rd1
{[%clk 0:40:21]} Bxe2 {[%clk 0:59:56]} 17. Nxe2 {[%clk 0:40:11]} e6
{[%clk 0:59:25]} 18. h4 {[%clk 0:32:08]} Ke7 {[%clk 0:59:05]} 19. Qg5
{[%clk 0:32:28]} Rac8 {[%clk 0:58:58]} 20. Qxc5+ {[%clk 0:23:41]} Rxc5
{[%clk 0:53:57]} 21. Kf2 {[%clk 0:21:01]} Rhc8 {[%clk 0:49:00]} 22. Rhe1
{[%clk 0:17:46]} Nfd5 {[%clk 0:39:07]} 23. Nc1 {[%clk 0:14:44]} Kf6
{[%clk 0:21:31]} 24. Rd4 {[%clk 0:13:29]} a5 {[%clk 0:18:49]} 25. Nd3
{[%clk 0:12:00]} R5c7 {[%clk 0:19:02]} 26. g4 {[%clk 0:10:17]} h6
{[%clk 0:18:48]} 27. Nf4 {[%clk 0:08:07]} Nxf4 {[%clk 0:17:21]} 28. Rxf4+
{[%clk 0:08:35]} Ke7 {[%clk 0:17:47]} 29. Rfe4 {[%clk 0:05:26]} Nd7
{[%clk 0:17:09]} 30. Ra4 {[%clk 0:05:46]} Ra7 {[%clk 0:16:32]} 31. Rd4
{[%clk 0:04:28]} Nc5 {[%clk 0:16:08]} 32. Re2 {[%clk 0:03:58]} a4
{[%clk 0:14:21]} 33. Bc4 {[%clk 0:04:27]} g5 {[%clk 0:14:24]} 34. hxg5
{[%clk 0:02:19]} hxg5 {[%clk 0:14:52]} 35. Bb5 {[%clk 0:02:24]} f6
{[%clk 0:13:29]} 36. f4 {[%clk 0:01:19]} gxf4 {[%clk 0:11:45]} 37. Rxf4
{[%clk 0:01:49]} a3 {[%clk 0:11:42]} 38. Kg3 {[%clk 0:01:22]} e5 {[%clk 0:11:37]}
39. g5 {[%clk 0:00:52]} Rg8 40. Rg4 Rxg5 {[%clk 0:09:01]} 41. Rxg5
{[%clk 0:01:07]} fxg5 {[%clk 0:09:28]} 42. Rxe5+ {[%clk 0:01:16]} Kd6
{[%clk 0:09:54]} 43. Re3 {[%clk 0:00:33]} Kd5 {[%clk 0:09:04]}  1/2-1/2

[Event "Summer Prague Open 2022 - A"]
[Site "Olympik hotel, Sokolovska 138, Praha"]
[Date "2022.08.09"]
[Round "6"]
[Board "11"]
[White "Jun, Rudolf"]
[Black "Ranaldi, Lucas"]
[Result "0-1"]
[WhiteElo "2165"]
[BlackElo "2339"]
[PlyCount "0"]
[EventDate "2022.08.05"]
[EventRounds "9"]
[EventCountry "CZE"]

1. e4 {[%clk 1:30:55]} c6 {[%clk 1:30:52]} 2. d4 {[%clk 1:30:48]} d5
{[%clk 1:31:11]} 3. exd5 {[%clk 1:31:05]} cxd5 {[%clk 1:31:32]} 4. Bd3
{[%clk 1:31:07]} Nc6 {[%clk 1:31:50]} 5. c3 {[%clk 1:31:10]} Nf6 {[%clk 1:32:09]}
6. Bf4 {[%clk 1:30:49]} Bg4 {[%clk 1:32:06]} 7. Qb3 {[%clk 1:30:21]} Qd7
{[%clk 1:31:21]} 8. Nd2 {[%clk 1:29:27]} e6 {[%clk 1:31:30]} 9. Ngf3
{[%clk 1:29:24]} Bd6 {[%clk 1:31:30]} 10. Ne5 {[%clk 1:19:06]} Qc7
{[%clk 1:31:01]} 11. O-O {[%clk 1:01:20]} Nd7 {[%clk 1:15:17]} 12. Nxg4
{[%clk 0:51:17]} Bxf4 {[%clk 1:14:51]} 13. Nf3 {[%clk 0:51:16]} h5
{[%clk 1:08:09]} 14. Ne3 {[%clk 0:48:24]} O-O-O {[%clk 0:59:42]} 15. c4
{[%clk 0:36:09]} dxc4 {[%clk 0:56:57]} 16. Bxc4 {[%clk 0:33:06]} Na5
{[%clk 0:54:03]} 17. Qc3 {[%clk 0:29:06]} Kb8 {[%clk 0:35:02]} 18. Be2
{[%clk 0:18:55]} Qxc3 {[%clk 0:32:31]} 19. bxc3 {[%clk 0:19:17]} Rc8
{[%clk 0:31:53]} 20. c4 {[%clk 0:18:19]} Rhd8 {[%clk 0:28:49]} 21. g3
{[%clk 0:17:00]} Bh6 {[%clk 0:23:43]} 22. Rad1 {[%clk 0:16:25]} g6
{[%clk 0:22:16]} 23. d5 {[%clk 0:12:12]} e5 {[%clk 0:21:35]} 24. d6
{[%clk 0:07:44]} e4 {[%clk 0:20:52]} 25. Nd2 {[%clk 0:06:23]} Nc5
{[%clk 0:17:08]} 26. Nb3 {[%clk 0:04:31]} Naxb3 {[%clk 0:16:22]} 27. axb3
{[%clk 0:04:59]} Nxb3 {[%clk 0:16:11]} 28. Rd5 {[%clk 0:04:48]} Rc5
{[%clk 0:12:42]} 29. Rfd1 {[%clk 0:03:47]} Bxe3 {[%clk 0:11:57]} 30. fxe3
{[%clk 0:04:15]} Rxd5 {[%clk 0:12:15]} 31. Rxd5 {[%clk 0:04:27]} b6
{[%clk 0:12:28]} 32. g4 {[%clk 0:02:16]} hxg4 {[%clk 0:12:00]} 33. Kf2
{[%clk 0:01:56]} f5 {[%clk 0:08:03]} 34. Kg3 {[%clk 0:02:21]} Kb7
{[%clk 0:08:17]} 35. Kf4 {[%clk 0:02:02]} Kc6 {[%clk 0:08:35]} 36. Ke5
{[%clk 0:00:44]} Nc5 {[%clk 0:08:40]} 37. Rd1 {[%clk 0:00:32]} a5
{[%clk 0:08:32]} 38. Rd2 {[%clk 0:00:34]} Re8+ {[%clk 0:06:25]} 39. Kf6
{[%clk 0:00:40]} Re6+ {[%clk 0:06:32]}  0-1

[Event "Summer Prague Open 2022 - A"]
[Site "Olympik hotel, Sokolovska 138, Praha"]
[Date "2022.08.09"]
[Round "6"]
[Board "12"]
[White "Zanan, Evgeny"]
[Black "Kovalskyi, Roman"]
[Result "1-0"]
[WhiteElo "2510"]
[BlackElo "2133"]
[PlyCount "0"]
[EventDate "2022.08.05"]
[EventRounds "9"]
[EventCountry "CZE"]

1. e4 {[%clk 1:29:29]} c5 {[%clk 1:30:48]} 2. Nf3 {[%clk 1:29:54]} g6
{[%clk 1:31:11]} 3. c4 {[%clk 1:29:07]} Nc6 {[%clk 1:30:40]} 4. d4
{[%clk 1:29:32]} cxd4 {[%clk 1:31:05]} 5. Nxd4 {[%clk 1:29:58]} Nf6
{[%clk 1:30:59]} 6. Nc3 {[%clk 1:30:23]} d6 {[%clk 1:31:21]} 7. Be2
{[%clk 1:30:39]} Nxd4 {[%clk 1:31:14]} 8. Qxd4 {[%clk 1:31:03]} Bg7
{[%clk 1:31:35]} 9. O-O {[%clk 1:31:26]} O-O {[%clk 1:31:03]} 10. Qd3
{[%clk 1:31:46]} a5 {[%clk 1:30:34]} 11. Be3 {[%clk 1:31:50]} a4 {[%clk 1:30:06]}
12. Bd4 {[%clk 1:31:42]} Bd7 {[%clk 1:27:54]} 13. Rad1 {[%clk 1:07:23]} Bc6
{[%clk 1:26:29]} 14. f4 {[%clk 1:06:01]} Nd7 {[%clk 1:22:40]} 15. Bxg7
{[%clk 1:05:54]} Kxg7 {[%clk 1:22:59]} 16. Kh1 {[%clk 1:05:22]} Qa5
{[%clk 1:17:12]} 17. Bg4 {[%clk 0:48:34]} Nc5 {[%clk 1:13:27]} 18. Qd4+
{[%clk 0:43:45]} f6 {[%clk 1:12:19]} 19. Nd5 {[%clk 0:31:16]} Bxd5
{[%clk 1:09:52]} 20. exd5 {[%clk 0:29:06]} b5 {[%clk 0:45:23]} 21. Rde1
{[%clk 0:26:32]} Ra7 {[%clk 0:43:55]} 22. Be2 {[%clk 0:24:17]} bxc4
{[%clk 0:41:40]} 23. Bxc4 {[%clk 0:24:42]} Rb8 {[%clk 0:42:05]} 24. Re2
{[%clk 0:20:58]} Rb4 {[%clk 0:37:11]} 25. a3 {[%clk 0:20:43]} Rb8
{[%clk 0:36:25]} 26. Rfe1 {[%clk 0:15:29]} Kf7 {[%clk 0:34:20]} 27. f5
{[%clk 0:09:33]} Re8 {[%clk 0:20:37]} 28. Qh4 {[%clk 0:08:52]} Kg7
{[%clk 0:20:22]} 29. Re3 {[%clk 0:08:36]} Rb7 {[%clk 0:11:25]} 30. Rh3
{[%clk 0:07:18]} Rh8 {[%clk 0:11:39]} 31. Qh6+ {[%clk 0:07:26]} Kf7
{[%clk 0:09:56]} 32. Rhe3 {[%clk 0:06:52]} Qd8 {[%clk 0:09:09]} 33. Rh3
{[%clk 0:01:25]} Rb8 {[%clk 0:04:31]} 34. Rg3 {[%clk 0:01:09]} Qg8
{[%clk 0:03:25]} 35. Qe3 {[%clk 0:00:41]} Qf8 {[%clk 0:02:47]} 36. Rh3
{[%clk 0:00:37]} Rb7 {[%clk 0:02:02]} 37. Qe2 {[%clk 0:00:34]} Kg7
{[%clk 0:01:08]} 38. Re3 {[%clk 0:00:42]} Kf7 {[%clk 0:01:12]} 39. Bb5
{[%clk 0:00:54]} Qd8 {[%clk 0:00:58]} 40. Bc6 {[%clk 0:01:12]} Ra7
{[%clk 0:00:56]} 41. Qg4 {[%clk 0:27:10]} Qc8 {[%clk 0:24:44]} 42. Rf1
{[%clk 0:27:22]} Qa6 {[%clk 0:22:26]} 43. Rd1 {[%clk 0:20:29]} Qc8
{[%clk 0:18:43]} 44. Rf3 {[%clk 0:20:27]} Kg7 {[%clk 0:11:53]} 45. Re1
{[%clk 0:18:20]} g5 {[%clk 0:08:32]} 46. Rfe3 {[%clk 0:17:29]} Qf8
{[%clk 0:08:34]} 47. h4 {[%clk 0:13:57]} h6 {[%clk 0:07:10]} 48. Qe2
{[%clk 0:14:03]} e5 {[%clk 0:04:12]} 49. dxe6 {[%clk 0:13:51]} Re7
{[%clk 0:04:21]} 50. Qd1 {[%clk 0:11:14]} Qb8 {[%clk 0:04:00]} 51. Qh5
{[%clk 0:07:37]} Rf8 {[%clk 0:03:34]} 52. hxg5 {[%clk 0:06:24]} fxg5
{[%clk 0:03:43]} 53. Qg6+ {[%clk 0:06:50]} Kh8 {[%clk 0:04:05]} 54. f6
{[%clk 0:07:01]} Rg8 {[%clk 0:03:43]} 55. fxe7 {[%clk 0:06:46]} Rxg6
{[%clk 0:04:12]} 56. e8=Q+ {[%clk 0:07:07]}  1-0